000 00440nab a22001457 4500
003 ES-SlBCS
005 20210327224144.0
008 160629s2016 sp ||||| |||| 00| 0 spa d
040 _aES-SlBCS
_bspa
041 _aspa
100 1 _aSilva Moreira, Alberto da
_959432
245 1 3 _aLa manipulación del sufrimiento ajeno
_cAlberto da Silva Moreira
773 0 _gNúm. 366, 2016, págs. 49-60
_tConcilium
_wRev134
_x0210-1041
942 _2lcc
_cAR
999 _c468451
_d468451